| 000 | 00363nam a2200157Ia 4500 | ||
|---|---|---|---|
| 005 | 20250430014655.0 | ||
| 008 | 240331s9999 xx 000 0 und d | ||
| 020 | _a9789552119361 | ||
| 082 |
_bJAY _a891 |
||
| 100 | _aJayawardena,C | ||
| 245 | 0 | _aSathya kama | |
| 260 |
_aColombo _bM.d. Gunasena Book _c2008 |
||
| 300 | _a274 p ., | ||
| 650 | _aNovel | ||
| 942 | _cL | ||
| 999 |
_c5364 _d5364 |
||